Statistiques concernant Les plus grandes villes (terminant par A-Z) commençant par A

Cliquez ici pour prendre le quiz!

Statistiques générales

  • Ce quiz a été pris 136 fois
  • Le résultat moyen est 9 sur 26

Statistiques - réponses

PaysLettreVillesLettresPopulation% Correct
TurquieAAnkaraA5,2 m
97%
AlgérieAAlgerR7,8 m
89%
Pays-BasAAmsterdamM2,4 m
88%
GrèceAAthènesS3,7 m
85%
MadagascarAAntananarivoO3,2 m
77%
JordanieAAmmanN6,1 m
76%
SyrieAAlepP1,7 m
70%
ÉgypteAAlexandrieE5,3 m
68%
Émirats Arabes UnisAAbou DabiI1,9 m
63%
TurkménistanAAchgabatT1,3 m
58%
KazakhstanAAlmatyY1,8 m
38%
IndeAAhmedabadD8,1 m
28%
FranceAAurillacC26 k
21%
IranAArakK484 k
6%
IranAAhvazZ1,2 m
4%
RussieAAzovV81 k
4%
BrésilAAracajuU1,1 m
2%
CanadaAAjaxX120 k
1%
SyrieAAl BabB145 k
1%
AlgérieAArzewW91 k
1%
Arabie SaouditeAAl HufufF283 k
0%
IndeAAligarhH1,1 m
0%
Arabie SaouditeAAl KharjJ376 k
0%
OmanAAl SuwayqQ107 k
0%
ChineAAnyangG568 k
0%
IndeAAsansolL1,3 m
0%

Distribution des résultats

Percentile par nombre de réponses

% des personnes avec chaque résultat

Votre développement - résultats

Vous n’avez pas pris ce quiz